| 000 | 00633nam a2200205Ia 4500 | ||
|---|---|---|---|
| 003 | GCL | ||
| 008 | 140319s9999 xx 000 0 ara d | ||
| 040 |
_aGCL / _cGCL |
||
| 082 | 0 | 4 |
_a372.62 _bس ا |
| 100 | 1 | _aسامية سليمان رزق | |
| 245 | 1 | 0 |
_aاغنية الطفل المصرى : نحو اغنية تربوية هادفة / _cسامية سليمان رزق |
| 260 |
_a[S.N] : _bمكتبة الانجلوالمصرية ، _c1989 |
||
| 300 | _a47 ص | ||
| 490 | _a | ||
| 650 | 0 | 4 | _aالتربية |
| 650 | 0 | 4 | _aالاطفال |
| 650 | 0 | 4 | _aالاغانى |
| 650 | 0 | 4 | _aاغانى الاطفال |
| 942 |
_2ddc _cBK |
||
| 999 |
_c31628 _d31628 |
||